000
00393nam a2200145Ia 4500
008
090122s9999 xx 000 0 und d
082
_b
7178
_a
891.4681
100
_a
काणेकर
_b
अनंत
245
_a
चांदरात
600
_a
काणेकर
630
_a
चांदरात
700
_a
काणेकर
730
_a
चांदरात
942
_c
BOOK
999
_c
31255
_d
31255